VIBRATION PROBLEMS IN ENGINEERING (Record no. 584164)

000 -LEADER
fixed length control field 00260nam a22001097a 4500
082 ## - DEWEY DECIMAL CLASSIFICATION NUMBER
Classification number 620.11248 TIM'L
100 ## - MAIN ENTRY--PERSONAL NAME
Personal name TIMOSHENKO, S
9 (RLIN) 35958
245 ## - TITLE STATEMENT
Title VIBRATION PROBLEMS IN ENGINEERING
260 ## - PUBLICATION, DISTRIBUTION, ETC.
Place of publication, distribution, etc. NEWYORK
Name of publisher, distributor, etc. VAN NOSTRAND
Date of publication, distribution, etc. 1955
300 ## - PHYSICAL DESCRIPTION
Extent 468P
942 ## - ADDED ENTRY ELEMENTS (KOHA)
Koha item type Book
Holdings
Withdrawn status Lost status Damaged status Not for loan Permanent Location Current Location Shelving location Date acquired Total Checkouts Full call number Barcode Date last seen Price effective from Koha item type
        College of Electrical & Mechanical Engineering (CEME) College of Electrical & Mechanical Engineering (CEME) General Stacks 07/03/2017   620.11248 TIM'L CEME-7084 06/28/2021 06/28/2021 Book
© 2023 Central Library, National University of Sciences and Technology. All Rights Reserved.